Destinations From BOM - Statistics

General Stats
  • This quiz has been taken 7 times
  • The average score is 73 of 126
Answer Stats
Answer % Correct
Abu Dhabi
100%
Agra
100%
Ahmedabad
100%
Amsterdam
100%
Baghdad
100%
Cairo
100%
Colombo
100%
Doha
100%
Dubai
100%
Frankfurt
100%
Hanoi
100%
Ho Chi Minh City
100%
Hong Kong
100%
Istanbul
100%
Jakarta
100%
Jeddah
100%
Kathmandu
100%
Kolkata
100%
Kuala Lumpur
100%
Kuwait City
100%
London
100%
Male
100%
Medina
100%
Munich
100%
Muscat
100%
Paris
100%
Riyadh
100%
Singapore
100%
Tel Aviv
100%
Tokyo
100%
Bahrain
80%
Bangkok (Don Mueang)
80%
Bangkok (Suvarnabhumi)
80%
Bengaluru
80%
Chennai
80%
Dammam
80%
Da Nang
80%
Dar Es Salaam
80%
Delhi
80%
Dhaka
80%
Hyderabad
80%
Jaipur
80%
Lucknow
80%
New York (JFK)
80%
New York (Newark Liberty)
80%
Pune
80%
Srinagar
80%
Tehran
80%
Warsaw
80%
Zurich
80%
Addis Ababa
60%
Almaty
60%
Amritsar
60%
Bhopal
60%
Helsinki
60%
Jodhpur
60%
Kigali
60%
Kochi
60%
Melbourne
60%
Nairobi
60%
Phuket
60%
Sharjah
60%
Visakhapatnam
60%
Aden
40%
Allahabad
40%
Bagdogra
40%
Baku
40%
Bhubaneswar
40%
Coimbatore
40%
Entebbe
40%
Guangzhou
40%
Guwahati
40%
Jaisalmer
40%
Jammu
40%
Jamnagar
40%
Kannur
40%
Kanpur
40%
Kozhikode
40%
Lagos
40%
Leh
40%
Madurai
40%
Mahe
40%
Mangaluru
40%
Mauritius
40%
Nagpur
40%
North Goa
40%
Patna
40%
Phu Quoc
40%
Raipur
40%
Rajkot
40%
Ranchi
40%
Ras Al Khaimah
40%
Sanaa
40%
San Francisco
40%
Tashkent
40%
Thiruvananthapuram
40%
Tiruchirappalli
40%
Tirupati
40%
Toronto
40%
Vadodara
40%
Varanasi
40%
Vasco Da Gama
40%
Al Najaf
20%
Andal
20%
Ayodhya
20%
Belgaum
20%
Bhuj
20%
Chandigarh
20%
Dehra Dun
20%
Diu
20%
Gorakhpur
20%
Hubbali
20%
Indore
20%
Jabalpur
20%
Kandla
20%
Keshod
20%
Kolhapur
20%
Mombasa
20%
Port Blair
20%
Sindhudurg
20%
Udaipur
20%
Aurangabad
0%
Bareilly
0%
Bhavnagar
0%
Darbhanga
0%
Gwalior
0%
No matching quizzes found
Score Distribution
Percent of People with Each Score
Percentile by Number Answered
Your Score History
You have not taken this quiz